000 00699nam a2200205 i 4500
001 188524
003 ES-MaACL
005 20250910213033.0
008 181213s1968 sp |||| | spa d
100 1 _aCastilla del Pino, Carlos,
_d1922-2009
_936651
245 1 0 _aDialéctica de la persona, dialéctica de la situación /
_cCarlos Castilla del Pino.
260 _aMadrid :
_bPenínsula,
_c1968.
300 _a229 p. ;
_c18 cm.
490 1 _aColección Ibérica ;
_v22
650 7 _aSociología
_2embne
_917195
650 0 7 _aPsicología social
_2embne
_916573
830 0 _aColección ibérica (Península)
_v22
_9179423
852 _aES-MaACL
_jP-137-bis-19
999 _c188524
_d188524